000 00743cam a22002413a 4500
001 32533
003 PGUSA
005 20140828083714.0
008 100525s2010||||xxu|||||s|||||000 | eng d
040 _aPGUSA
_beng
042 _adc
050 4 _aHV
100 1 _aHunt, Henry M.
245 1 4 _aThe Crime of the Century; Or, The Assassination of Dr. Patrick Henry Cronin
_h[electronic resource] /
_cHenry M. Hunt
260 _bProject Gutenberg,
_c2010
506 _aPublic domain in the USA.
516 _aElectronic text
653 _aTrials (Assassination) -- Illinois -- Chicago
653 _aCronin, Patrick Henry, 1846-1889
830 0 _aProject Gutenberg
_v32533
856 4 0 _uhttp://www.gutenberg.org/ebooks/32533
942 _cEB
999 _c261788
_d261788